| 000 | 00552nam a22001697a 4500 | ||
|---|---|---|---|
| 020 | _qHard Cover. | ||
| 082 | _a621.3 | ||
| 100 | _aAli, Zohaib. | ||
| 245 |
_aAdversarial Examples for Visual Odometry / _cZohaib Ali. |
||
| 260 |
_aIslamabad: _bSEECS - NUST, _c2018. |
||
| 300 |
_a94 p.: ill.; _c35cm. _e+CD. |
||
| 650 |
_aElectrical Engineering MS-Thesis. _916073 |
||
| 700 |
_aDr. Muhammad Latif _922889 |
||
| 856 | _uhttp://10.250.8.41:8080/xmlui/handle/123456789/13373 | ||
| 942 |
_2ddc _cTHE |
||
| 999 |
_c529880 _d529880 |
||